Länder Europas nach Umriss - Statistiken

Allgemein
  • Dieses Quiz wurde 92 mal gespielt
  • Das Durchschnittsergebnis liegt bei 40 aus 45
Antwortstatistiken
Bildquiz Antwort % Korrekt
Rumänien
94%
Albanien
93%
Belgien
93%
Deutschland
93%
Irland
93%
Spanien
93%
Ukraine
93%
Belarus
91%
Frankreich
91%
Nordmazedonien
91%
Österreich
91%
Russland
91%
Schweiz
91%
Slowakei
91%
Vereinigtes Königreich
91%
Griechenland
90%
Luxemburg
90%
Niederlande
90%
Portugal
90%
Italien
89%
Kroatien
89%
Lettland
89%
Schweden
89%
Serbien
89%
Slowenien
89%
Tschechien
89%
Ungarn
89%
Bulgarien
88%
Finnland
88%
Island
88%
Kosovo
88%
Norwegen
88%
Polen
88%
San Marino
88%
Malta
86%
Bosnien und Herzegowina
85%
Estland
85%
Liechtenstein
85%
Monaco
85%
Vatikanstadt
85%
Dänemark
84%
Montenegro
84%
Litauen
83%
Andorra
80%
Moldau
65%
Keine übereinstimmenden Quizze gefunden
Verteilung der Resultate
Anzahl Personen mit jedem Resultat
Perzentil nach korrekt beantworteten Fragen
Ihre Resultats-Entwicklung
Sie haben dieses Quiz noch nicht gespielt